000 00227nmm a2200097Ia 4500
008 220120s9999||||xx |||||||||||||||||und||
082 _a621.392 PAL
100 _aPalinitkar, Samir
_92104
245 0 _aVerilog HDL
260 _c2002
999 _c138599
_d138599